000
00239nam a22001217a 4500
082
_a
001
_b
MAN/D
100
_a
MANORAMA
245
_a
A DIRECTORY OF HIGHER EDUCATION
300
_a
303
520
_a
dIRECTORY
650
_a
G.K
942
_c
BK
999
_c
6760
_d
6760